[Event "Bogota University op 9th"]
[Site "Bogota"]
[Date "2015.10.08"]
[Round "2"]
[White "Manrique Ochoa, Fernando"]
[Black "Simpson, David R"]
[Result "1-0"]
[WhiteElo "1985"]
[BlackElo "1675"]
[PlyCount "64"]
[EventDate "2015.10.08"]
[EventType "swiss"]
[EventRounds "9"]
[EventCountry "COL"]
[SourceTitle "CBM 168 Extra"]
[Source "ChessBase"]
[SourceDate "2015.10.29"]
[SourceVersion "1"]
[SourceVersionDate "2015.10.29"]
[SourceQuality "1"]

1. e4 c5 2. Nf3 d6 3. d4 cxd4 4. Nxd4 Nf6 5. Nc3 a6 6. Bg5 Nbd7 7. f4 Qc7 8. Qf3 h6 9. Bh4 g5 10. fxg5 hxg5 11. Bxg5 Qc5 12. Bxf6 Nxf6 13. Nf5 Nxe4 14. Qxe4 Qxf5 15. Bd3 Qxe4+ 16. Bxe4 Bg7 17. Nd5 Rb8 18. 0-0-0 b5 19. h3 e6 20. Nb4 d5 21. Bf3 Bb7 22. Rhe1 0-0 23. Nd3 Rbc8 24. g4 a5 25. g5 b4 26. g6 Ba6 27. gxf7+ Rxf7 28. Bg4 Re8 29. Bh5 Rfe7 30. Bxe8 Rxe8 31. Nc5 Bc8 32. Rxd5 Kh8 1-0

[Event "Bogota September op"]
[Site "Bogota"]
[Date "2015.09.18"]
[Round "1"]
[White "Ceron, Juan Carlos"]
[Black "Simpson, David R"]
[Result "1/2-1/2"]
[WhiteElo "2110"]
[BlackElo "1689"]
[PlyCount "79"]
[EventDate "2015.09.18"]
[EventType "swiss"]
[EventRounds "6"]
[EventCountry "COL"]
[SourceTitle "EXT 2016"]
[Source "ChessBase"]
[SourceDate "2015.10.08"]
[SourceVersion "1"]
[SourceVersionDate "2015.10.08"]
[SourceQuality "1"]

1. e4 c5 2. Nf3 d6 3. d4 cxd4 4. Nxd4 Nf6 5. Nc3 a6 6. Be3 e5 7. Nb3 Be6 8. Qd2 Be7 9. Be2 d5 10. exd5 Nxd5 11. Nxd5 Bxd5 12. 0-0 0-0 13. Qc3 Nd7 14. Rfd1 Rc8 15. Qd2 Nf6 16. c3 Qc7 17. Bg5 Bxb3 18. Bxf6 Bxd1 19. Bxe7 Qxe7 20. Qxd1 Rfd8 21. Qc2 e4 22. Bg4 Rc5 23. Re1 f5 24. Be2 Kf8 25. Qc1 Qe6 26. Qg5 Qf6 27. Qe3 Rcd5 28. f3 exf3 29. Bxf3 Rb5 30. b3 Qb6 31. c4 Qxe3+ 32. Rxe3 Rb6 33. c5 Rb4 34. c6 bxc6 35. Bxc6 Rb6 36. Bf3 Rd2 37. a4 Rb2 38. Bd5 Rd6 39. Bf3 Rdd2 40. h4 1/2-1/2

[Event "WLS-chT 0708"]
[Site "Wales"]
[Date "2008.01.24"]
[Round "4"]
[White "Simpson, David R"]
[Black "Van Kemenade, Rudy"]
[Result "1/2-1/2"]
[WhiteElo "1736"]
[BlackElo "2045"]
[PlyCount "103"]
[EventDate "2007.10.07"]
[EventType "team-swiss"]
[EventRounds "7"]
[EventCountry "WLS"]
[SourceTitle "EXT 2010"]
[Source "ChessBase"]
[SourceDate "2010.11.25"]
[SourceVersion "1"]
[SourceVersionDate "2010.11.25"]
[SourceQuality "1"]

1. e4 e5 2. Nf3 Nf6 3. Nxe5 d6 4. Nf3 Nxe4 5. d4 d5 6. Bf4 Nc6 7. Be2 Be7 8. 0-0 g5 9. Be3 f5 10. Ne5 f4 11. Bh5+ Kf8 12. Nf7 Qd7 13. Nxh8 Bf6 14. Nf7 fxe3 15. fxe3 Kg7 16. Nc3 Nxc3 17. bxc3 Qe7 18. Qf3 Be6 19. Ne5 Nxe5 20. dxe5 Bxe5 21. e4 Qc5+ 22. Kh1 Qxc3 23. exd5 Qxf3 24. Bxf3 Bxa1 25. dxe6 Bf6 26. Bxb7 Re8 27. Bd5 c6 28. Bb3 Re7 29. Rd1 Rc7 30. g4 Be5 31. Rd7+ Rxd7 32. exd7 Bc7 33. Kg2 Kf6 34. Ba4 c5 35. Kf3 Ke5 36. Ke3 Kd5 37. c3 c4 38. Bb5 Bb6+ 39. Kf3 Bc7 40. Ba6 h6 41. h3 Ba5 42. Bb7+ Ke5 43. Ba6 Kd5 44. Bb5 Bb6 45. Ba4 Ba5 46. Bc2 Ke5 47. Bh7 Kd6 48. Ke4 Kxd7 49. Kd4 Kd6 50. Kxc4 Ke5 51. Kd3 Bb6 52. a4 1/2-1/2